[Event "EU-Cup 34th"]
[Site "Porto Carras"]
[Date "2018.10.16"]
[Round "5.6"]
[White "Van der Elburg, Freddie"]
[Black "Jensen, Michael Agermose"]
[Result "1-0"]
[WhiteElo "2191"]
[BlackElo "2022"]
[PlyCount "115"]
[EventDate "2018.10.12"]
[EventType "team-swiss"]
[EventRounds "7"]
[EventCountry "GRE"]
[SourceTitle "CBM 187"]
[Source "ChessBase"]
[SourceDate "2018.12.11"]
[SourceVersion "1"]
[SourceVersionDate "2018.12.11"]
[SourceQuality "1"]
[WhiteTeam "Apeldoorn MuConsult"]
[BlackTeam "Bronshoj"]
[WhiteTeamCountry "NED"]
[BlackTeamCountry "DEN"]

1. f4 e5 2. fxe5 d6 3. exd6 Bxd6 4. Nf3 Nf6 5. d4 Ng4 6. Qd3 c5 7. Nc3 0-0 8. Bg5 f6 9. dxc5 Bxc5 10. Qc4+ Kh8 11. Qxc5 fxg5 12. Rd1 Qf6 13. Rd6 Qf4 14. g3 Qe3 15. Qxe3 Nxe3 16. Nxg5 Nc6 17. Rd3 Nxc2+ 18. Kd2 N2b4 19. Rd6 Ne5 20. b3 Bd7 21. Bg2 Bc6 22. Bxc6 Nbxc6 23. Nge4 Rae8 24. h3 h6 25. Rd1 Re7 26. Kc2 Ref7 27. a3 Rf1 28. R1d5 Re8 29. Rb5 Rf7 30. Rc5 Kh7 31. b4 Nd7 32. Rh5 Nb6 33. Ng5+ Kg8 34. Nxf7 Kxf7 35. Kb3 Re3 36. Rd3 Re6 37. Rf5+ Kg6 38. g4 Nc8 39. Nd5 Kh7 40. Nf4 Re4 41. e3 Ne5 42. Rc3 Nd6 43. Rf8 Nb5 44. Rcc8 Rxe3+ 45. Kc2 Ng6 46. Nxg6 Kxg6 47. a4 Nd4+ 48. Kd2 Rxh3 49. Rfd8 Nf3+ 50. Ke2 Ne5 51. Rc7 Rh2+ 52. Kf1 Nxg4 53. Rdd7 Ne3+ 54. Kg1 Ra2 55. Rxg7+ Kf5 56. a5 b6 57. Rxa7 bxa5 58. Rxa5+ 1-0

[Event "Helsingor Xtracon op"]
[Site "Helsingor"]
[Date "2018.07.29"]
[Round "10"]
[White "Hartung Nielsen, Jens"]
[Black "Jensen, Michael Agermose"]
[Result "1/2-1/2"]
[WhiteElo "2207"]
[BlackElo "1999"]
[PlyCount "60"]
[EventDate "2018.07.21"]
[EventType "swiss"]
[EventRounds "10"]
[EventCountry "DEN"]
[SourceTitle "CBM 185 Extra"]
[Source "ChessBase"]
[SourceDate "2018.07.29"]
[SourceVersion "1"]
[SourceVersionDate "2018.07.29"]
[SourceQuality "1"]

1. c4 f5 2. g3 Nf6 3. Bg2 g6 4. Nc3 Bg7 5. d3 0-0 6. e4 fxe4 7. dxe4 d6 8. Nge2 c5 9. 0-0 Nc6 10. h3 e5 11. Kh2 Be6 12. Nd5 Qd7 13. Nec3 Nh5 14. Be3 Rf7 15. Qd2 Raf8 16. f3 Nd4 17. Bxd4 cxd4 18. Ne2 Qd8 19. Nc1 Bxd5 20. cxd5 Bf6 21. h4 Nxg3 22. Kxg3 Bxh4+ 23. Kh2 Bg5 24. Qe1 Bf4+ 25. Kh1 Qg5 26. Bh3 Qh5 27. Kg2 Qg5+ 28. Kh1 Qh5 29. Kg2 Qg5+ 30. Kh1 Qh5 1/2-1/2

[Event "Helsingor Xtracon op"]
[Site "Helsingor"]
[Date "2018.07.26"]
[Round "7"]
[White "Jensen, Michael Agermose"]
[Black "Carlstedt, Jonathan"]
[Result "0-1"]
[WhiteElo "1999"]
[BlackElo "2425"]
[PlyCount "84"]
[EventDate "2018.07.21"]
[EventType "swiss"]
[EventRounds "10"]
[EventCountry "DEN"]
[SourceTitle "CBM 185 Extra"]
[Source "ChessBase"]
[SourceDate "2018.07.29"]
[SourceVersion "1"]
[SourceVersionDate "2018.07.29"]
[SourceQuality "1"]

1. e4 c5 2. d4 cxd4 3. Nf3 a6 4. c3 d3 5. Bxd3 g6 6. Bc4 Nc6 7. 0-0 Bg7 8. Qe2 d6 9. h3 Nf6 10. Bg5 0-0 11. Nbd2 h6 12. Be3 b5 13. Bd3 Bb7 14. Nd4 e5 15. Nxc6 Bxc6 16. a4 bxa4 17. Bxa6 Rb8 18. Nc4 Nxe4 19. Rfd1 Qc7 20. f3 Ng3 21. Qf2 Nf5 22. Bb6 Qe7 23. Na5 Qd7 24. g4 Nh4 25. Be2 Nxf3+ 26. Bxf3 Bxf3 27. Rd2 Ba8 28. Bc5 d5 29. Bxf8 Bxf8 30. b4 axb3 31. Nxb3 d4 32. cxd4 Qd5 33. Rxa8 Rxa8 34. Qg3 e4 35. Nc1 Bd6 36. Qc3 Ra3 37. Qc8+ Kg7 38. Ne2 Ra1+ 39. Kf2 Qg5 40. Rc2 Qf6+ 41. Ke3 Qf3+ 42. Kd2 Qd3# 0-1

[Event "Helsingor Xtracon op"]
[Site "Helsingor"]
[Date "2018.07.25"]
[Round "6"]
[White "Christensen, Thomas"]
[Black "Jensen, Michael Agermose"]
[Result "0-1"]
[WhiteElo "2218"]
[BlackElo "1999"]
[PlyCount "118"]
[EventDate "2018.07.21"]
[EventType "swiss"]
[EventRounds "10"]
[EventCountry "DEN"]
[SourceTitle "CBM 185 Extra"]
[Source "ChessBase"]
[SourceDate "2018.07.29"]
[SourceVersion "1"]
[SourceVersionDate "2018.07.29"]
[SourceQuality "1"]

1. Nc3 g6 2. e4 c5 3. g3 Bg7 4. Bg2 Nc6 5. Nh3 d6 6. 0-0 h5 7. d3 h4 8. g4 Bd7 9. f4 Nf6 10. g5 Nh5 11. Be3 Qc8 12. Nf2 Nd4 13. Bxd4 Bxd4 14. Ne2 Bg4 15. Qd2 h3 16. Bh1 Bxe2 17. Qxe2 Nxf4 18. Qf3 Rh4 19. Rfb1 Nh5 20. c3 Bxf2+ 21. Qxf2 Rg4+ 22. Kf1 Rxg5 23. Ke2 Qe6 24. Kd2 Qf6 25. Qxf6 Nxf6 26. b4 Rb8 27. Bf3 e5 28. Ke2 Nh5 29. a4 Nf4+ 30. Ke3 Ke7 31. a5 Ng2+ 32. Kf2 Nh4 33. bxc5 dxc5 34. Rg1 Rxg1 35. Rxg1 Rd8 36. Be2 Ng2 37. Rb1 Rd7 38. Bg4 Rc7 39. Kg3 Nf4 40. Rd1 Rc6 41. Bxh3 Ne2+ 42. Kf3 Nxc3 43. Rc1 Nb5 44. Rb1 Nd4+ 45. Kg4 b5 46. axb6 axb6 47. Bf1 b5 48. Ra1 Rb6 49. Kg5 b4 50. Bh3 b3 51. Ra7+ Kd6 52. Rd7+ Kc6 53. Rxf7 Kb5 54. Bd7+ Kb4 55. Be8 b2 56. Rf1 Kc3 57. Bxg6 b1Q 58. Rxb1 Rxb1 59. h4 Nf3+ 0-1

[Event "Helsingor Xtracon op"]
[Site "Helsingor"]
[Date "2018.07.22"]
[Round "3"]
[White "Jensen, Michael Agermose"]
[Black "Madison, Sigurd"]
[Result "1-0"]
[WhiteElo "1999"]
[BlackElo "1704"]
[PlyCount "71"]
[EventDate "2018.07.21"]
[EventType "swiss"]
[EventRounds "10"]
[EventCountry "DEN"]
[SourceTitle "CBM 185 Extra"]
[Source "ChessBase"]
[SourceDate "2018.07.29"]
[SourceVersion "1"]
[SourceVersionDate "2018.07.29"]
[SourceQuality "1"]

1. e4 e5 2. f4 d6 3. Nf3 Nf6 4. Nc3 Nbd7 5. Bc4 Be7 6. 0-0 Nb6 7. Bb3 0-0 8. d3 c6 9. f5 Nbd7 10. Ng5 Nc5 11. Bxf7+ Rxf7 12. Nxf7 Kxf7 13. g4 h6 14. h4 Qh8 15. Rf2 h5 16. g5 Ng4 17. Rg2 Bd7 18. Qe2 a5 19. Be3 Nxe3 20. Qxe3 b5 21. Rf1 Rg8 22. Ne2 Nb7 23. Qa7 Nc5 24. Qxa5 Rb8 25. Qd2 Bd8 26. Ng3 Bb6 27. Kh1 d5 28. g6+ Kg8 29. Qe2 dxe4 30. dxe4 Bd8 31. b4 Na4 32. Qd3 Rb7 33. Qb3+ Be6 34. Qxe6+ Kf8 35. Qc8 Re7 36. Rd1 1-0

[Event "Helsingor Xtracon op"]
[Site "Helsingor"]
[Date "2018.07.22"]
[Round "2"]
[White "Koellner, Ruben Gideon"]
[Black "Jensen, Michael Agermose"]
[Result "1-0"]
[WhiteElo "2254"]
[BlackElo "1999"]
[PlyCount "69"]
[EventDate "2018.07.21"]
[EventType "swiss"]
[EventRounds "10"]
[EventCountry "DEN"]
[SourceTitle "CBM 185 Extra"]
[Source "ChessBase"]
[SourceDate "2018.07.29"]
[SourceVersion "1"]
[SourceVersionDate "2018.07.29"]
[SourceQuality "1"]

1. d4 g6 2. e4 Bg7 3. h4 d5 4. e5 c5 5. c3 Nc6 6. Ne2 Nh6 7. f3 Bf5 8. g4 Bxb1 9. Rxb1 cxd4 10. cxd4 Qb6 11. Bf4 Ng8 12. h5 e6 13. b4 a6 14. a3 Nge7 15. Qd3 gxh5 16. Rxh5 Ng6 17. Be3 Nce7 18. Bh3 f6 19. f4 Nf8 20. f5 Qb5 21. Qxb5+ axb5 22. exf6 Bxf6 23. g5 Nxf5 24. Bxf5 exf5 25. gxf6 Rxa3 26. Bh6 Ne6 27. Rxf5 Kf7 28. Rxd5 Rc8 29. Rc1 Rxc1+ 30. Bxc1 Ra1 31. Kd2 Kxf6 32. Rxb5 Ra2+ 33. Kd3 Rxe2 34. d5 Nc7 35. Rb6+ 1-0

[Event "Helsingor Xtracon op"]
[Site "Helsingor"]
[Date "2016.07.27"]
[Round "6"]
[White "Rossen, Claus"]
[Black "Jensen, Michael Agermose"]
[Result "1-0"]
[WhiteElo "2199"]
[BlackElo "2001"]
[PlyCount "117"]
[EventDate "2016.07.23"]
[EventType "swiss"]
[EventRounds "10"]
[EventCountry "DEN"]
[SourceTitle "CBM 173 Extra"]
[Source "ChessBase"]
[SourceDate "2016.08.29"]
[SourceVersion "1"]
[SourceVersionDate "2016.08.29"]
[SourceQuality "1"]

1. d4 g6 2. e4 Bg7 3. Nc3 d6 4. Be3 a6 5. a4 b6 6. Nf3 Nd7 7. Bc4 e6 8. Qd2 Bb7 9. 0-0 h6 10. d5 e5 11. Ne1 Ngf6 12. f3 Bc8 13. Nd3 Qe7 14. Nb4 Nb8 15. a5 b5 16. Bb3 Nh5 17. Ne2 g5 18. c4 bxc4 19. Ba4+ Bd7 20. Rfc1 0-0 21. Rxc4 Bb5 22. Bxb5 axb5 23. Rc3 Na6 24. Nxa6 Rxa6 25. Rac1 Rc8 26. Bb6 c5 27. dxc6 Qf6 28. b4 Kh7 29. Qd3 Raa8 30. Qxb5 Nf4 31. Nxf4 exf4 32. Rd3 Qb2 33. Qc4 h5 34. Qc2 Qxb4 35. Rb1 Rxc6 36. Rxb4 Rxc2 37. Rxd6 Bf8 38. e5 Rac8 39. Rb1 Re2 40. Rd8 Rxd8 41. Bxd8 Rxe5 42. Bb6 Bc5+ 43. Bxc5 Rxc5 44. Ra1 Rc7 45. a6 Ra7 46. Kf1 Kg6 47. Ke2 f5 48. Kd3 g4 49. Kd4 Kg5 50. Kc5 Kh4 51. Kb6 Ra8 52. Kb7 Rf8 53. a7 gxf3 54. gxf3 Kh3 55. Ra2 Rf7+ 56. Kb6 Rxa7 57. Kxa7 h4 58. Ra4 Kxh2 59. Rxf4 1-0

[Event "Helsingor Xtracon op"]
[Site "Helsingor"]
[Date "2016.07.26"]
[Round "5"]
[White "Jensen, Michael Agermose"]
[Black "Rasmussen, Morten Fredsgaard"]
[Result "1-0"]
[WhiteElo "2001"]
[BlackElo "1972"]
[PlyCount "39"]
[EventDate "2016.07.23"]
[EventType "swiss"]
[EventRounds "10"]
[EventCountry "DEN"]
[SourceTitle "CBM 173 Extra"]
[Source "ChessBase"]
[SourceDate "2016.08.29"]
[SourceVersion "1"]
[SourceVersionDate "2016.08.29"]
[SourceQuality "1"]

1. e4 c5 2. Nf3 Nc6 3. d4 cxd4 4. c3 dxc3 5. Nxc3 d6 6. Bc4 a6 7. 0-0 Nf6 8. Bf4 Bg4 9. h3 Bh5 10. g4 Bg6 11. Qe2 e6 12. Rfd1 Qb8 13. e5 dxe5 14. Nxe5 Nxe5 15. Bxe5 Qc8 16. Nb5 axb5 17. Bxb5+ Nd7 18. Bxd7+ Qxd7 19. Rxd7 Kxd7 20. Qb5+ 1-0

[Event "Politiken Cup 37th"]
[Site "Helsingor"]
[Date "2015.07.29"]
[Round "6"]
[White "Jernselius, Kjell"]
[Black "Jensen, Michael Agermose"]
[Result "1-0"]
[WhiteElo "1768"]
[BlackElo "1984"]
[PlyCount "69"]
[EventDate "2015.07.25"]
[EventType "swiss"]
[EventRounds "10"]
[EventCountry "DEN"]
[SourceTitle "CBM 167 Extra"]
[Source "ChessBase"]
[SourceDate "2015.09.14"]
[SourceVersion "1"]
[SourceVersionDate "2015.09.14"]
[SourceQuality "1"]

1. d4 g6 2. Nf3 Bg7 3. c4 f5 4. g3 Nf6 5. Nc3 d6 6. Bg2 0-0 7. 0-0 Nc6 8. d5 Ne5 9. Nxe5 dxe5 10. Bg5 Nh5 11. Bd2 h6 12. Bf3 Nf6 13. e4 f4 14. gxf4 exf4 15. Ne2 g5 16. e5 Ng4 17. e6 Ne5 18. Bh5 c6 19. Bc3 cxd5 20. cxd5 a5 21. Bxe5 Bxe5 22. Qd3 Bg7 23. Rad1 b5 24. Rd2 b4 25. Rfd1 Ba6 26. Qe4 Bxe2 27. Rxe2 Ra6 28. h3 Rd6 29. Red2 Qb6 30. b3 Rc8 31. Be2 Rc3 32. Bd3 Qd8 33. Qh7+ Kf8 34. Bg6 Rxh3 35. Bf7 1-0

[Event "Politiken Cup 36th"]
[Site "Helsingor"]
[Date "2014.07.26"]
[Round "7"]
[White "Jensen, Michael Agermose"]
[Black "Chevannes, Sabrina"]
[Result "0-1"]
[WhiteElo "2011"]
[BlackElo "2160"]
[PlyCount "90"]
[EventDate "2014.07.21"]
[EventType "swiss"]
[EventRounds "10"]
[EventCountry "DEN"]
[SourceTitle "CBM 161 Extra"]
[Source "ChessBase"]
[SourceDate "2014.08.29"]
[SourceVersion "1"]
[SourceVersionDate "2014.08.29"]
[SourceQuality "1"]

1. e4 c6 2. d4 d5 3. e5 Bf5 4. h4 Qb6 5. Nc3 h5 6. Be2 e6 7. Nf3 Nd7 8. a4 a5 9. 0-0 f6 10. b3 fxe5 11. dxe5 Bc5 12. Bb2 Nh6 13. Qd2 Bg4 14. Ng5 0-0 15. Nd1 Rae8 16. Bxg4 hxg4 17. g3 Nf7 18. Nxf7 Rxf7 19. Kg2 Ref8 20. Ne3 Bxe3 21. fxe3 Rf3 22. Rxf3 Rxf3 23. Re1 Qc7 24. Qd4 Rf5 25. Qxg4 Nxe5 26. Bxe5 Qxe5 27. Qd4 Qc7 28. e4 c5 29. Qd3 Re5 30. Qf3 Qf7 31. Qc3 Rxe4 32. Rf1 Re2+ 33. Kg1 Qg6 34. Rf2 Re4 35. Qf3 Rg4 36. Kh2 c4 37. bxc4 Rxc4 38. Qf8+ Kh7 39. Kh3 Rxc2 40. Rf4 Rc4 41. Rf2 Rxa4 42. Qb8 Qg4+ 43. Kh2 Ra3 44. Qe5 d4 45. h5 Re3 0-1

[Event "Politiken Cup 34th"]
[Site "Helsingor"]
[Date "2012.07.29"]
[Round "2"]
[White "Borg, Flemming"]
[Black "Jensen, Michael Agermose"]
[Result "0-1"]
[WhiteElo "1750"]
[BlackElo "2113"]
[PlyCount "76"]
[EventDate "2012.07.28"]
[EventType "swiss"]
[EventRounds "10"]
[EventCountry "DEN"]
[SourceTitle "CBM 149 Extra"]
[Source "ChessBase"]
[SourceDate "2012.08.24"]
[SourceVersion "1"]
[SourceVersionDate "2012.08.24"]
[SourceQuality "1"]

1. e4 g6 2. d4 Bg7 3. Nc3 c5 4. Be3 Qa5 5. Qd2 cxd4 6. Bxd4 Bxd4 7. Qxd4 Nf6 8. f3 Nc6 9. Qd2 d6 10. Bc4 Qc5 11. Bb3 0-0 12. 0-0-0 Bd7 13. g4 Na5 14. h4 Nxb3+ 15. cxb3 a5 16. Kb1 a4 17. b4 Qxb4 18. g5 Nh5 19. Nd5 Qxd2 20. Nxe7+ Kg7 21. Rxd2 Ng3 22. Rxd6 Nxh1 23. Rxd7 Rfd8 24. Rxd8 Rxd8 25. Nd5 Rc8 26. Ne2 Nf2 27. Nb6 Rd8 28. Nxa4 Rd3 29. Nc5 Rxf3 30. Nxb7 Nxe4 31. b4 Rh3 32. b5 Rxh4 33. Kc2 Nxg5 34. Nd6 Ne4 35. Nxe4 Rxe4 36. Nc3 Re8 37. a4 h5 38. a5 h4 0-1

[Event "Politiken Cup 34th"]
[Site "Helsingor"]
[Date "2012.07.29"]
[Round "3"]
[White "Jensen, Michael Agermose"]
[Black "Hansen, Verner"]
[Result "1-0"]
[WhiteElo "2113"]
[BlackElo "1878"]
[PlyCount "45"]
[EventDate "2012.07.28"]
[EventType "swiss"]
[EventRounds "10"]
[EventCountry "DEN"]
[SourceTitle "CBM 149 Extra"]
[Source "ChessBase"]
[SourceDate "2012.08.24"]
[SourceVersion "1"]
[SourceVersionDate "2012.08.24"]
[SourceQuality "1"]

1. e4 d5 2. exd5 Qxd5 3. Nc3 Qa5 4. d4 c6 5. Bc4 Nf6 6. Qe2 Bf5 7. Bd2 e6 8. d5 cxd5 9. Nxd5 Qd8 10. Nxf6+ Qxf6 11. 0-0-0 Nc6 12. Bc3 Qg5+ 13. Kb1 Bb4 14. Nf3 Qe7 15. Bxg7 Rg8 16. Bh6 a6 17. Ne5 Nxe5 18. Qxe5 f6 19. Qe2 Kf7 20. Qh5+ Bg6 21. Qh3 Bf5 22. Qxf5 Rg6 23. Bxe6+ 1-0

[Event "Politiken Cup 32nd"]
[Site "Copenhagen"]
[Date "2010.08.05"]
[Round "7"]
[White "Rosenkilde, Alexander"]
[Black "Jensen, Michael Agermose"]
[Result "1-0"]
[WhiteElo "2204"]
[BlackElo "2084"]
[PlyCount "61"]
[EventDate "2010.07.31"]
[EventType "swiss"]
[EventRounds "10"]
[EventCountry "DEN"]
[SourceTitle "CBM 137 Extra"]
[Source "ChessBase"]
[SourceDate "2010.09.01"]
[SourceVersion "1"]
[SourceVersionDate "2010.09.01"]
[SourceQuality "1"]

1. d4 f5 2. g3 Nf6 3. Bg2 g6 4. Nf3 Bg7 5. 0-0 0-0 6. b3 d6 7. Bb2 Ne4 8. Nbd2 Nc6 9. Ne1 Nxd2 10. Qxd2 e5 11. Bd5+ Kh8 12. Bxc6 bxc6 13. dxe5 dxe5 14. Qc3 Qd4 15. Qxc6 Qxb2 16. Nd3 Bb7 17. Qxb7 Qxc2 18. Rac1 Qxe2 19. Nc5 Rae8 20. Nd7 Rf7 21. Rxc7 e4 22. Rc8 Rfe7 23. Qb8 Rxd7 24. Rxe8+ Bf8 25. Rxf8+ Kg7 26. Rg8+ Kf6 27. Qf8+ Kg5 28. Qe8 Rd1 29. Qe7+ Kg4 30. Qh4+ Kf3 31. Qf4# 1-0

[Event "Politiken Cup 32nd"]
[Site "Copenhagen"]
[Date "2010.08.01"]
[Round "3"]
[White "Rasmussen, Morten"]
[Black "Jensen, Michael Agermose"]
[Result "0-1"]
[WhiteElo "1869"]
[BlackElo "2084"]
[PlyCount "76"]
[EventDate "2010.07.31"]
[EventType "swiss"]
[EventRounds "10"]
[EventCountry "DEN"]
[SourceTitle "CBM 137 Extra"]
[Source "ChessBase"]
[SourceDate "2010.09.01"]
[SourceVersion "1"]
[SourceVersionDate "2010.09.01"]
[SourceQuality "1"]

1. d4 f5 2. Nf3 Nf6 3. g3 g6 4. Bg2 Bg7 5. c4 0-0 6. 0-0 d6 7. Nc3 Nc6 8. Qc2 e5 9. d5 Ne7 10. e4 fxe4 11. Nxe4 Nxe4 12. Qxe4 Bf5 13. Qe2 Bg4 14. h3 Bxf3 15. Bxf3 Nf5 16. Be3 Bh6 17. g4 Nh4 18. Be4 Bf4 19. Bxf4 Rxf4 20. Rac1 Qf6 21. f3 Rf8 22. Rc3 Qg5 23. Kh2 b6 24. Rd3 h5 25. Rc3 hxg4 26. hxg4 R8f7 27. Kg1 Nf5 28. Kg2 Nd4 29. Qe1 Rh7 30. Rh1 Rxh1 31. Qxh1 Rf7 32. Qc1 Rf4 33. Qe1 Kg7 34. Rc1 Rf8 35. Rd1 Rh8 36. Qd2 Qh4 37. Qd3 Qh2+ 38. Kf1 Qh1+ 0-1

[Event "DEN 75th Ann"]
[Site "Copenhagen"]
[Date "2010.02.17"]
[Round "4"]
[White "Jensen, Michael Agermose"]
[Black "Jensen, Soren Holm"]
[Result "1-0"]
[WhiteElo "2070"]
[BlackElo "2060"]
[PlyCount "36"]
[EventDate "2010.02.15"]
[EventType "swiss"]
[EventRounds "9"]
[EventCountry "DEN"]
[SourceTitle "CBM 134 Extra"]
[Source "ChessBase"]
[SourceDate "2010.03.03"]
[SourceVersion "1"]
[SourceVersionDate "2010.03.03"]
[SourceQuality "1"]

1. e4 e5 2. f4 exf4 3. Nf3 d6 4. Nc3 g5 5. g3 g4 6. Nh4 Bg7 7. d4 f3 8. Be3 Ne7 9. Bc4 c6 10. 0-0 0-0 11. Qd2 d5 12. Bb3 Be6 13. Bh6 Ng6 14. Nf5 Bxf5 15. exf5 Nh8 16. Bxg7 Kxg7 17. Qf4 Nd7 18. Qxg4+ Kh6 1-0

[Event "Politiken Cup 31st"]
[Site "Helsingor"]
[Date "2009.07.21"]
[Round "5"]
[White "Petersen, Tom Petri"]
[Black "Jensen, Michael Agermose"]
[Result "1/2-1/2"]
[WhiteElo "2310"]
[BlackElo "2044"]
[PlyCount "63"]
[EventDate "2009.07.18"]
[EventType "swiss"]
[EventRounds "10"]
[EventCountry "DEN"]
[SourceTitle "CBM 131 Extra"]
[Source "ChessBase"]
[SourceDate "2009.09.03"]
[SourceVersion "2"]
[SourceVersionDate "2009.09.16"]
[SourceQuality "1"]

1. g3 f5 2. Bg2 Nf6 3. d3 g6 4. c4 Nc6 5. Nc3 Bg7 6. e3 e5 7. Nge2 0-0 8. 0-0 d6 9. Bd2 g5 10. f4 h6 11. Nd5 Ne7 12. Nxf6+ Bxf6 13. Bc3 Ng6 14. d4 Qe7 15. Qd2 gxf4 16. exf4 e4 17. d5 Bd7 18. Rac1 h5 19. Bxf6 Qxf6 20. Qd4 Ne7 21. Rfd1 b6 22. Rc3 Qxd4+ 23. Nxd4 a5 24. Bf1 Kf7 25. Be2 Rh8 26. Kf2 h4 27. Kg2 Rag8 28. Rf1 Rh7 29. Rcc1 Rhg7 30. Rc3 Rh7 31. Rcc1 Rhg7 32. Rc3 1/2-1/2